Návrh koncepcie kontroly vo verejnej správe nie sú vytvorené administratívne štruktúry na účinnú nezávislú finančnú kontrolu

Pripomienky k fungovaniu verejnej správy na Slovensku a obsah pripravovanej reformy verejnej správy zahŕňajúci jej decentralizáciu a modernizáciu: Nedostatky kontrolného systému SR, nedostatky vo finančnej kontrole a v kontrole riadenia, miestna úroveň verejnej správy, kontrola na úrovni vyššieho úz...

ver descrição completa

Na minha lista:
Detalhes bibliográficos
Autor principal: Paulová, Simona
Formato: Capítulo de Livro
Idioma:eslovaco
Assuntos:
Tags: Adicionar Tag
Sem tags, seja o primeiro a adicionar uma tag!

MARC

LEADER 00000naa a2200000 4500
001 r039096
005 20230824105722.4
041 0 |a slo 
044 |a SK 
245 1 0 |a Návrh koncepcie kontroly vo verejnej správe  |b nie sú vytvorené administratívne štruktúry na účinnú nezávislú finančnú kontrolu  |c Simona Paulová 
520 |a Pripomienky k fungovaniu verejnej správy na Slovensku a obsah pripravovanej reformy verejnej správy zahŕňajúci jej decentralizáciu a modernizáciu: Nedostatky kontrolného systému SR, nedostatky vo finančnej kontrole a v kontrole riadenia, miestna úroveň verejnej správy, kontrola na úrovni vyššieho územného celku. 
610 2 0 |a správa verejná 
610 2 0 |a kontrola štátna 
610 2 0 |a kontrola finančná 
610 2 0 |a kontrola riadenia 
610 2 0 |a samospráva 
610 2 0 |a vyššie územné celky 
610 2 0 |a Slovensko 
610 2 0 |a reformy 
610 2 0 |a sústava kontrolná 
100 1 |a Paulová, Simona